000 00653nam a2200241 a 4500
001 BRL_307
005 20190320210659.0
008 230713s1978----gw-a######---#000-0#ger-#
041 _ager
044 _agw
050 4 _aNK8862
_b.M35 1978
100 1 _aMalin Selander, Örebro
_923504
245 1 0 _aSwedish Swatches
_cby Malin Selander.
260 _a[Suecia]
_bTetab Tryckeri AB
_c1978
300 _a21 p.
_bil. a color
_c28 cm.
440 0 _aGreen series
_923505
500 _aIncluye muestras reales de bordados
500 _aAu2331
650 1 4 _aTejeduria
_zSuecia
_923506
650 1 4 _aTejido a mano
_923507
902 _aGRL
942 _2lcc
_cB
999 _c9120
_d9120